Diseño e implementación de un control robusto de nivel para un intercambiador de calor
Guardat en:
| Autor principal: | |
|---|---|
| Altres autors: | |
| Format: | Llibre |
| Publicat: |
San José, C.R.
1998
|
| Matèries: | |
| Etiquetes: |
Afegir etiqueta
Sense etiquetes, Sigues el primer a etiquetar aquest registre!
|
MARC
| LEADER | 00000nam a2200000Ia 4500 | ||
|---|---|---|---|
| 003 | 008644 | ||
| 005 | 20240429093847.0 | ||
| 008 | 140114s1998 cr m 000 ||s d | ||
| 040 | |c cru CEDI | ||
| 100 | |a Coen Alfaro, Enrique, 1976- |9 2985 | ||
| 245 | |a Diseño e implementación de un control robusto de nivel para un intercambiador de calor | ||
| 260 | |a San José, C.R. |c 1998 | ||
| 300 | |a xi, 63 hojas | ||
| 500 | |a Proyecto de graduación (bachillerato en ingeniería eléctrica)--Universidad de Costa Rica. Facultad de Ingeniería. Escuela de Ingeniería Eléctrica | ||
| 501 | |a Profesor Guía de Proyecto de Eléctrico: Dr. Guillermo Loría | ||
| 650 | |x CONTROL AUTOMATICO |x REGULADORES ELECTRICOS - DISEÑO |9 8796 | ||
| 700 | |a Loría Martínez, Luis Guillermo, 1954- |d Director de Proyecto Eléctrico |9 2110 | ||
| 942 | |c TFG |h TFG 3961 |0 008644 |6 TFG_3961_000000000000000 | ||
| 999 | |c 18540 |d 18540 | ||
